000 00532nam a2200193Ia 4500
005 20250326144944.0
008 250326s9999 xx 000 0 und d
020 _a81-261-0971-8
037 _aTextbook
040 _aFMSL
_beng
_cFMSL
041 _aeng
_2eng
084 _aX:95 P1
_qFMSL
100 _aRamchandran K S
_9258858
245 0 _aManaging global economic reforms
_cRamchandran K S
260 _aNew Delhi
_bNew Delhi, Anmol
_c2001
300 _a240p
942 _cTB
_hX:95 P1
999 _c1305787
_d1305787